Tout les souverains de l’histoire de France - Statistiques

Statistiques générales
  • Ce quiz a été pris 48 fois
  • Le résultat moyen est 28 sur 38
Statistiques - réponses
Dynastie Dates de règne Réponse % Correct
Capétien 1314 - 1316 Louis X
93%
Valois 1461 - 1483 Louis XI
91%
Valois 1498 - 1515 Louis XII
91%
Bourbon 1610 - 1643 Louis XIII
91%
Bourbon 1715 - 1774 Louis XV
91%
Bourbon 1774 - 1792 Louis XVI
89%
Capétien 1031 - 1060 Henri I
86%
Bourbon 1643 - 1715 Louis XIV
86%
Valois 1547 - 1559 Henri II
84%
Bourbon 1589 - 1610 Henri IV
84%
Capétien 1226 - 1270 Louis IX
84%
Valois 1574 - 1589 Henri III
82%
Bourbon 1824 - 1830 Charles X
80%
Bourbon 1815 - 1824 Louis XVIII
80%
Bonaparte 1804 - 1815 Napoleon I
77%
Bonaparte 1852 - 1870 Napoleon III
77%
Capétien 1108 - 1137 Louis VI
75%
Valois 1364 - 1380 Charles V
73%
Capétien 987 - 996 Hugues Capet
73%
Capétien 1137 - 1180 Louis VII
73%
Capétien 1223 - 1226 Louis VIII
73%
Capétien 1060 - 1108 Philippe I
73%
Valois 1560 - 1574 Charles IX
70%
Valois 1515 - 1547 Francois I
70%
Valois 1380 - 1422 Charles VI
68%
Valois 1422 - 1461 Charles VII
68%
Valois 1483 - 1498 Charles VIII
68%
Capétien 1180 - 1223 Philippe II
68%
Capétien 1285 - 1314 Philippe IV
68%
Capétien 1316 - 1322 Philippe V
66%
Capétien 1270 - 1285 Philippe III
64%
Capétien 1322 - 1328 Charles IV
61%
Valois 1559 - 1560 Francois II
61%
Valois 1328 - 1350 Philippe VI
61%
Orléans 1830 - 1848 Louis-Philippe I
59%
Capétien 1316 - 1316 Jean I
48%
Valois 1350 - 1364 Jean II
48%
Capétien 996 - 1031 Robert II
32%
Aucun quiz correspondant
Distribution des résultats
% des personnes avec chaque résultat
Percentile par nombre de réponses
Votre historique - résultats
Vous n’avez pas pris ce quiz